Ο ρόλος του διευθυντή στη διαδικασία εφαρμογής και αξιολόγησης του αναλυτικού προγράμματος στη δευτεροβάθμια εκπαίδευση στα νησιά της Χίου και της Ρόδου : διπλωματική εργασία

Αποθηκεύτηκε σε:
Λεπτομέρειες βιβλιογραφικής εγγραφής
Κύριος συγγραφέας: Σαλιάρης, Δημήτριος
Συγγραφή απο Οργανισμό/Αρχή: Πανεπιστήμιο Αιγαίου Σχολή Ανθρωπιστικών Επιστημών Τμήμα Επιστημών της Προσχολικής Αγωγής και του Εκπαιδευτικού Σχεδιασμού Πρόγραμμα Μεταπτυχιακών Σπουδών Μοντέλα Σχεδιασμού και Ανάπτυξης Εκπαιδευτικών Μονάδων
Άλλοι συγγραφείς: Χατζηγεωργίου, Γιάννης (Εισηγητής διατριβής)
Μορφή: Thesis Βιβλίο
Γλώσσα:Greek
Δημοσίευση: 2009
Θέματα:
Διαθέσιμο Online:http://hdl.handle.net/11610/14153
Ετικέτες: Προσθήκη ετικέτας
Δεν υπάρχουν, Καταχωρήστε ετικέτα πρώτοι!

MARC

LEADER 00000cam a2200000 i 4500
001 1/9787
008 100727s2009 gre d
035 |l 10108774 
040 |a GR-MY-UA  |b gre  |e aacr 
041 0 |a gre 
082 0 |a 372.872  |2 (22) 
100 1 |a Σαλιάρης, Δημήτριος. 
245 1 2 |a Ο ρόλος του διευθυντή στη διαδικασία εφαρμογής και αξιολόγησης του αναλυτικού προγράμματος στη δευτεροβάθμια εκπαίδευση στα νησιά της Χίου και της Ρόδου :  |b διπλωματική εργασία /  |c Σαλιάρης Δημήτριος ; επιβλέπων: Ιωάννης Χατζηγεωργίου 
260 |c 2009 
300 |a 124 σ.;  |c 30 εκ. 
500 |a Μέλη εξεταστικής επιτροπής: Αναστάσιος Κοντάκος, Εμμανουήλ Κόνσολας 
502 |a Διατριβή (μεταπτυχιακή) – Πανεπιστήμιο Αιγαίου, Ρόδος, 2009. 
504 |a Βιβλιογραφία: σ. 96-99 
650 0 |a School administrators  |z Greece  |z Rhodes (Island) 
650 0 |a School administrators  |z Greece  |z Chios (Municipality) 
650 0 0 |a Music  |x Instruction and study  |x Juvenile. 
650 0 0 |a School music  |x Instruction and study  |x Activity programs. 
650 0 0 |a Dissertations, Academic  |z Greece. 
700 1 |a Χατζηγεωργίου, Γιάννης.  |4 ths 
710 2 |a Πανεπιστήμιο Αιγαίου   |b Σχολή Ανθρωπιστικών Επιστημών   |b Τμήμα Επιστημών της Προσχολικής Αγωγής και του Εκπαιδευτικού Σχεδιασμού   |b Πρόγραμμα Μεταπτυχιακών Σπουδών Μοντέλα Σχεδιασμού και Ανάπτυξης Εκπαιδευτικών Μονάδων . 
852 |a INST  |b RHODES  |c DIATR  |e 20110404  |h 372.872 ΣΑΛ  |p 005400032900  |q 005400032900  |t MTXE  |y 23 
852 |a INST  |b RHODES  |c DIATR  |e 20110404  |h 372.872 ΣΑΛ  |p 005400032901  |q 005400032901  |t MTXE  |y 23 
856 |u http://hdl.handle.net/11610/14153 
901 |a BIBL4-2010-2 
909 |a Ρ  |b 163385 
909 |a Ρ  |b 163386 
924 |a ΣΑΛΙΑΡΗΣ  |b ΔΗΜΗΤΡΙΟΣ  |y ΡΟΔΟΣ  |z 2010-07 
970 |a ΚΟΖΑ  |b ΜΑΡΙΑ  |z 2010/07/27